00492nam a2200193 a 4500001001300000003000900013005001700022008004100039020000800080082001300088100001800101245005000119260004000169300000900209500003500218505001000253650001700263700001800280nice12345678IN_TiNIC20260116011330.0050524s1929 lona grp 000 0 eng  ac000a232bBAI aBaillie, John aPlace of Jesus Christ in Modern Christianity. aLondonbEdinburgh House Pressc1929 a219p aincludes index and biblioraphy2 aIndex aJesus Christ1 aBaillie, John